000 01263nam a2200301Ia 4500
001 ebr10284205
003 CaPaEBR
006 m u
007 cr cn|||||||||
008 020926s2003 nju sb 001 0 eng d
010 _z 2002035552
020 _z9780691123813
020 _z0691094810 (cl : acid-free paper)
040 _aCaPaEBR
_cCaPaEBR
035 _a(OCoLC)505116447
050 1 4 _aKF3812
_b.M67 2003eb
100 1 _aMorag-Levine, Noga.
245 1 0 _aChasing the wind
_h[electronic resource] :
_bregulating air pollution in the common law state /
_cNoga Morag-Levine.
260 _aPrinceton, NJ :
_bPrinceton University Press,
_cc2003.
300 _axiv, 259 p.
504 _aIncludes bibliographical references (p. [235]-247) and index.
533 _aElectronic reproduction.
_bPalo Alto, Calif. :
_cebrary,
_d2009.
_nAvailable via World Wide Web.
_nAccess may be limited to ebrary affiliated libraries.
650 0 _aAir
_xPollution
_xLaw and legislation
_zUnited States.
650 0 _aPollution
_xLaw and legislation
_zUnited States.
655 7 _aElectronic books.
_2local
710 2 _aebrary, Inc.
856 4 0 _uhttp://site.ebrary.com/lib/rucke/Doc?id=10284205
_zAn electronic book accessible through the World Wide Web; click to view
999 _c2578
_d2578